LOS MINERALES Y EL HOMBRE : UNA EXPLORACION DEL REINO DE LOS MINERALES Y SU INFLUENCIA EN EL MUNDO /

TRADUCCION DE: MINERALS AND MEN

Saved in:
Bibliographic Details
Main Author: Mcdivitt, James F. (autor)
Format: Book
Series:(El Mundo de Hoy)
Subjects:
Tags: Add Tag
No Tags, Be the first to tag this record!

MARC

LEADER 00000nam^a2200000^a^4500
001 000240822
005 20250521000000.0
009 20260310105151.809
037 |a Acervo Xavier Clavigero 
082 |a 338. 2  |b MCD 
100 |a Mcdivitt, James F.  |e (autor) 
245 1 4 |a LOS MINERALES Y EL HOMBRE :  |b UNA EXPLORACION DEL REINO DE LOS MINERALES Y SU INFLUENCIA EN EL MUNDO /  |c JAMES F. MCDIVITT ; TR. RUBEN PIMENTEL 
264 |a México :  |b Limusa-Wiley,  |c 1966 
300 |a 220 p. 
336 |a texto  |b txt  |2 rdacontenido 
337 |a sin mediación  |b n  |2 rdamedio 
338 |a volumen  |b nc  |2 rdasoporte 
440 3 |a (El Mundo de Hoy) 
520 |a TRADUCCION DE: MINERALS AND MEN 
649 |a XX 
650 |a Minería 
910 |a Fondo General 
920 |a Impresos - Libros 
930 |a Colección General 
905 |a 101 
901 |a 064517  |b IT1  |c ACC  |i 064517  |u 20250521 
902 |a https://opac.biblio.iteso.mx/vufind/Record/000240822